000 00347nam a2200145Ia 4500
003 OSt
005 20240217113848.0
008 170523s9999 xx 000 0 und d
020 _a ‎ 978-0077091781
040 _ciimt university meerut
100 _aDAVIES- DAVID
245 4 _aTHE ART OF MANAGING FIN
260 _bMC GRAW HILL
942 _2ddc
_c02
999 _c479
_d479